Χαρτοπαίκτης
Αποθηκεύτηκε σε:
| Κύριος συγγραφέας: | |
|---|---|
| Άλλοι συγγραφείς: | , |
| Μορφή: | Βιβλίο |
| Γλώσσα: | Greek |
| Δημοσίευση: |
Αθήνα :
Βιβλιογωνία : Θέατρο Λύδρα,
1994.
|
| Θέματα: | |
| Ετικέτες: |
Προσθήκη ετικέτας
Δεν υπάρχουν, Καταχωρήστε ετικέτα πρώτοι!
|
MARC
| LEADER | 00000cam a2200000 i 4500 | ||
|---|---|---|---|
| 001 | 1/47165 | ||
| 008 | 980624s1994 gr ||| | gre|| | ||
| 035 | |l 10042990 | ||
| 040 | |a GR-MY-UA |b gre |e aacr | ||
| 041 | 0 | |a gre | |
| 082 | 0 | |a 889.2 | |
| 100 | 1 | |a Χουρμούζης, Μιλτιάδης Μιχαήλ, |d 1804-1882. | |
| 245 | 1 | 0 | |a Χαρτοπαίκτης / |c Μ. Χουρμούζη ; κείμενα Κ. Γεωργουσόπουλος, Σ. Δάνια, Γ. Π. Πεφάνης. |
| 260 | |a Αθήνα : |b Βιβλιογωνία : |b Θέατρο Λύδρα, |c 1994. | ||
| 300 | |a 112 σ. : |b εικ. ; |c 21 εκ. | ||
| 650 | 0 | 0 | |a Greek drama. |
| 700 | 1 | |a Πεφάνης, Γιώργος Π., |d 1966- | |
| 700 | 1 | |a Γεωργουσόπουλος, Κώστας, |d 1937- | |
| 852 | |a INST |b SAMOS |e 19980624 |h 889.2 ΧΟΥ |p 005300011071 |q 005300011071 |t BK |y 0 | ||
| 901 | |a BIBL-1998-2 | ||
| 909 | |a Σ |b 051241 | ||
| 922 | |a 3ΕΛΗ |b 199709 |c ΔΩΡ |d ΠΑΡΙΑΝΟΣ | ||